[Event "DEN-ch"]
[Site "Lyngby"]
[Date "1991.03.22"]
[Round "1"]
[White "Berg, Klaus"]
[Black "Sorensen, Jan"]
[Result "1/2-1/2"]
[WhiteElo "2413"]
[BlackElo "2412"]
[PlyCount "63"]
[EventDate "1991.03.??"]
[EventType "tourn"]
[EventRounds "11"]
[EventCountry "DEN"]
[EventCategory "8"]

1. d4 Nf6 2. c4 c5 3. d5 b5 4. cxb5 a6 5. bxa6 g6 6. Nc3 Bxa6 7. g3 d6 8. Bg2
Bg7 9. Nf3 Nbd7 10. O-O O-O 11. Qc2 Qb6 12. Rd1 Rfb8 13. Rb1 Ng4 14. h3 Nge5
15. Nxe5 Nxe5 16. b3 Qb4 17. a3 Nf3+ 18. exf3 Qxc3 19. Qxc3 Bxc3 20. Bf1 Bxf1
21. Kxf1 Rb5 22. Ke2 Rab8 23. Rd3 Bf6 24. Re3 Kf8 25. Bd2 c4 26. b4 Bd4 27. Re4
Rxd5 28. Be3 Bxe3 29. fxe3 Rd3 30. Rxc4 Rxa3 31. b5 Ke8 32. f4 1/2-1/2

[Event "DEN-ch"]
[Site "Lyngby"]
[Date "1991.03.22"]
[Round "1"]
[White "Hoi, Carsten"]
[Black "Hansen, Lars Bo"]
[Result "1/2-1/2"]
[WhiteElo "2445"]
[BlackElo "2540"]
[PlyCount "232"]
[EventDate "1991.03.??"]
[EventType "tourn"]
[EventRounds "11"]
[EventCountry "DEN"]
[EventCategory "8"]

1. d4 Nf6 2. Nf3 g6 3. c4 Bg7 4. Nc3 d5 5. cxd5 Nxd5 6. e4 Nxc3 7. bxc3 c5 8.
Be3 O-O 9. Rc1 Nd7 10. Bd3 e5 11. dxe5 Qe7 12. O-O Nxe5 13. Nxe5 Bxe5 14. f4
Bg7 15. Qf3 f5 16. Bc4+ Be6 17. Bxe6+ Qxe6 18. e5 b6 19. c4 Rad8 20. Rfd1 Rxd1+
21. Qxd1 Re8 22. a4 Bf6 23. Qd5 Qxd5 24. cxd5 Bxe5 25. fxe5 Rxe5 26. Kf2 Rxd5
27. a5 Kf7 28. Rb1 Rd6 29. Bf4 Rc6 30. Bb8 bxa5 31. Rb7+ Ke6 32. Rxa7 Rb6 33.
Bf4 Rb2+ 34. Kf3 Rb3+ 35. Be3 g5 36. g3 h5 37. Rxa5 h4 38. Rxc5 hxg3 39. hxg3
f4 40. gxf4 gxf4 41. Kxf4 Rb4+ 42. Kf3 Ra4 43. Bf4 Ra3+ 44. Kg4 Ra4 45. Re5+
Kf6 46. Rd5 Ke6 47. Rd6+ Ke7 48. Rb6 Ra5 49. Bd6+ Kd7 50. Kf4 Ra1 51. Kf5 Rf1+
52. Bf4 Rd1 53. Be5 Rf1+ 54. Ke4 Rf7 55. Kd5 Ke7 56. Ra6 Kd7 57. Rh6 Ke8 58.
Kd6 Rd7+ 59. Kc6 Rd3 60. Rh7 Kf8 61. Kc5 Kg8 62. Rg7+ Kf8 63. Ra7 Kg8 64. Bd4
Rh3 65. Rg7+ Kf8 66. Kd5 Rh6 67. Be5 Ke8 68. Ra7 Rg6 69. Bd6 Rf6 70. Rc7 Rf7
71. Rc1 Kd7 72. Be5 Ke7 73. Rc6 Kd7 74. Bf6 Ke8 75. Ke5 Kd7 76. Ra6 Ke8 77. Rd6
Rd7 78. Re6+ Kf7 79. Kf5 Rd5+ 80. Be5 Rd7 81. Bd6 Rb7 82. Bc5 Rc7 83. Bd6 Rb7
84. Be5 Rd7 85. Rh6 Ke7 86. Rh8 Kf7 87. Bf6 Rd5+ 88. Ke4 Rd6 89. Bd4 Ke6 90.
Bc5 Rc6 91. Rh5 Kf7 92. Kd5 Kg6 93. Rh1 Rf6 94. Bd4 Rf4 95. Ke5 Rg4 96. Be3 Kf7
97. Kf5 Ra4 98. Rh7+ Ke8 99. Bc5 Ra6 100. Ke5 Kd8 101. Bd6 Kc8 102. Rc7+ Kb8
103. Kd5 Ka8 104. Rc8+ Ka7 105. Kc5 Rb6 106. Rh8 Ra6 107. Rh7+ Ka8 108. Bc7 Ra1
109. Kc6 Rc1+ 110. Kb6 Rh1 111. Rd7 Rb1+ 112. Ka6 Rd1 113. Re7 Ra1+ 114. Ba5
Rb1 115. Bc3 Rb3 116. Re8+ Rb8 1/2-1/2

[Event "DEN-ch"]
[Site "Lyngby"]
[Date "1991.03.22"]
[Round "1"]
[White "Larsen, Bent"]
[Black "Kristiansen, Jens"]
[Result "1-0"]
[WhiteElo "2560"]
[BlackElo "2440"]
[PlyCount "73"]
[EventDate "1991.03.??"]
[EventType "tourn"]
[EventRounds "11"]
[EventCountry "DEN"]
[EventCategory "8"]

1. Nf3 Nc6 2. d4 d5 3. Bf4 Bg4 4. Nbd2 e6 5. c3 Nf6 6. e3 Bd6 7. Bb5 O-O 8.
Bxc6 bxc6 9. Qa4 Bxf3 10. Nxf3 c5 11. dxc5 Bxc5 12. O-O Bd6 13. Rad1 Bxf4 14.
exf4 c5 15. Rfe1 Qb6 16. Re2 Rad8 17. g3 Rd6 18. Ne5 c4 19. Qc2 g6 20. Rd4 Qc7
21. h4 Rb6 22. b3 cxb3 23. axb3 Rfb8 24. b4 Rc8 25. Qa4 Qb7 26. Re3 Ne4 27.
Rexe4 dxe4 28. Rd7 Ra6 29. Qd1 Rc7 30. Rd8+ Kg7 31. h5 f6 32. Rg8+ Kxg8 33.
Qd8+ Kg7 34. h6+ Kxh6 35. Ng4+ Kh5 36. Nxf6+ Kh6 37. Ng4+ 1-0

[Event "DEN-ch"]
[Site "Lyngby"]
[Date "1991.03.22"]
[Round "1"]
[White "Rasmussen, Karsten"]
[Black "Brinck Claussen, Bjorn"]
[Result "1-0"]
[WhiteElo "2432"]
[BlackElo "2422"]
[PlyCount "89"]
[EventDate "1991.03.??"]
[EventType "tourn"]
[EventRounds "11"]
[EventCountry "DEN"]
[EventCategory "8"]

1. c4 Nf6 2. g3 e5 3. Bg2 Nc6 4. Nc3 Bb4 5. Nd5 Bc5 6. e3 d6 7. Ne2 Nxd5 8.
cxd5 Ne7 9. O-O O-O 10. d4 exd4 11. Nxd4 Nf5 12. Nb3 Bb6 13. a4 a6 14. Bd2 Bd7
15. Bc3 Qg5 16. e4 Nh6 17. Nd4 Rae8 18. f4 Qg4 19. a5 Ba7 20. Re1 c6 21. dxc6
bxc6 22. Qxg4 Nxg4 23. h3 Nf6 24. Kh2 d5 25. e5 Nh5 26. b4 g6 27. Bf1 Ra8 28.
Rad1 Ng7 29. g4 Ne6 30. Kg3 Bb8 31. Nxe6 fxe6 32. Bd4 Ba7 33. Bc5 Bxc5 34. bxc5
Rfb8 35. Rb1 Bc8 36. Kf3 Kf8 37. Ke3 Ke7 38. Kd4 Kd8 39. Bd3 Rxb1 40. Rxb1 Kc7
41. h4 Bb7 42. h5 Rf8 43. Ke3 d4+ 44. Ke4 Rd8 45. g5 1-0

[Event "DEN-ch"]
[Site "Lyngby"]
[Date "1991.03.23"]
[Round "2"]
[White "Brinck Claussen, Bjorn"]
[Black "Hoi, Carsten"]
[Result "1/2-1/2"]
[WhiteElo "2422"]
[BlackElo "2445"]
[PlyCount "28"]
[EventDate "1991.03.??"]
[EventType "tourn"]
[EventRounds "11"]
[EventCountry "DEN"]
[EventCategory "8"]

1. e4 e6 2. d4 d5 3. Nd2 dxe4 4. Nxe4 Bd7 5. Nf3 Bc6 6. Bd3 Bxe4 7. Bxe4 c6 8.
O-O Nf6 9. Bd3 Be7 10. c4 O-O 11. Qe2 Nbd7 12. b3 Re8 13. Bb2 Qa5 14. c5 Qc7
1/2-1/2

[Event "DEN-ch"]
[Site "Lyngby"]
[Date "1991.03.23"]
[Round "2"]
[White "Hansen, Lars Bo"]
[Black "Mortensen, Erling"]
[Result "1-0"]
[WhiteElo "2540"]
[BlackElo "2467"]
[PlyCount "77"]
[EventDate "1991.03.??"]
[EventType "tourn"]
[EventRounds "11"]
[EventCountry "DEN"]
[EventCategory "8"]

1. d4 Nf6 2. c4 g6 3. Nc3 Bg7 4. e4 d6 5. f3 O-O 6. Bg5 c5 7. d5 h6 8. Be3 e6
9. Qd2 exd5 10. cxd5 Nh7 11. Nge2 Nd7 12. Nf4 Ne5 13. Be2 a6 14. a4 Nf6 15. b3
g5 16. Nd3 Nh5 17. Rc1 Bd7 18. Nxe5 Bxe5 19. g3 Qe7 20. Nd1 Rae8 21. Rg1 Ng7
22. g4 b5 23. a5 Bxh2 24. Rh1 Qe5 25. Qc3 Qg3+ 26. Kd2 Qg2 27. Nf2 f5 28. gxf5
b4 29. Qa1 Bb5 30. Rxh2 Qxh2 31. Rh1 Qg2 32. Rxh6 Bxe2 33. Rg6 Re5 34. Kxe2 Kh7
35. Rxg5 Qh2 36. Qg1 Qxg1 37. Rxg1 Nxf5 38. exf5 Rexf5 39. Rd1 1-0

[Event "DEN-ch"]
[Site "Lyngby"]
[Date "1991.03.24"]
[Round "3"]
[White "Hoi, Carsten"]
[Black "Holst, Allan"]
[Result "1/2-1/2"]
[WhiteElo "2445"]
[BlackElo "2301"]
[PlyCount "25"]
[EventDate "1991.03.??"]
[EventType "tourn"]
[EventRounds "11"]
[EventCountry "DEN"]
[EventCategory "8"]

1. d4 Nf6 2. c4 e6 3. Nc3 Bb4 4. e3 b6 5. Nge2 Ba6 6. a3 Bxc3+ 7. Nxc3 d5 8. b4
O-O 9. Qf3 c6 10. b5 Bb7 11. Bd3 dxc4 12. Bxc4 Qe7 13. Qe2 1/2-1/2

[Event "DEN-ch"]
[Site "Lyngby"]
[Date "1991.03.24"]
[Round "3"]
[White "Kristiansen, Jens"]
[Black "Sorensen, Jan"]
[Result "1/2-1/2"]
[WhiteElo "2440"]
[BlackElo "2412"]
[PlyCount "33"]
[EventDate "1991.03.??"]
[EventType "tourn"]
[EventRounds "11"]
[EventCountry "DEN"]
[EventCategory "8"]

1. Nf3 Nf6 2. g3 g6 3. b4 Bg7 4. Bb2 O-O 5. Bg2 d5 6. O-O c6 7. d3 a5 8. a3
axb4 9. axb4 Rxa1 10. Bxa1 Qb6 11. c3 Bg4 12. Nbd2 Nbd7 13. h3 Bxf3 14. Bxf3
Ra8 15. Qc2 Ne8 16. Bb2 Nd6 17. Nb3 1/2-1/2

[Event "DEN-ch"]
[Site "Lyngby"]
[Date "1991.03.24"]
[Round "3"]
[White "Mortensen, Erling"]
[Black "Brinck Claussen, Bjorn"]
[Result "1-0"]
[WhiteElo "2467"]
[BlackElo "2422"]
[PlyCount "99"]
[EventDate "1991.03.??"]
[EventType "tourn"]
[EventRounds "11"]
[EventCountry "DEN"]
[EventCategory "8"]

1. e4 e5 2. Nf3 Nc6 3. Bb5 a6 4. Ba4 Nf6 5. O-O Be7 6. Qe2 b5 7. Bb3 O-O 8. c3
d5 9. d3 Bb7 10. Nbd2 h6 11. Rd1 Re8 12. exd5 Nxd5 13. Nxe5 Nxe5 14. Qxe5 Bd6
15. Qf5 Nf6 16. Ne4 Bxe4 17. dxe4 Rxe4 18. Be3 Qe7 19. g3 Re8 20. Bd4 Re2 21.
c4 Be5 22. cxb5 axb5 23. Rac1 Bxd4 24. Rxd4 Re1+ 25. Rxe1 Qxe1+ 26. Kg2 Qe4+
27. Qxe4 Rxe4 28. Rd8+ Re8 29. Rxe8+ Nxe8 30. Kf3 Nd6 31. Kf4 Kf8 32. Ke5 Ke7
33. Kd5 Kd7 34. Kc5 c6 35. Kb6 Nc8+ 36. Kc5 Nd6 37. a4 bxa4 38. Bxa4 Ne4+ 39.
Kb6 Nxf2 40. Bxc6+ Kc8 41. b4 Nd3 42. b5 Kb8 43. Be4 Ne5 44. Kc5 Ng4 45. h3 Nf6
46. Bf3 g5 47. Kd6 h5 48. Bc6 h4 49. g4 Ng8 50. Ke5 1-0

[Event "DEN-ch"]
[Site "Lyngby"]
[Date "1991.03.25"]
[Round "4"]
[White "Holst, Allan"]
[Black "Mortensen, Erling"]
[Result "1/2-1/2"]
[WhiteElo "2301"]
[BlackElo "2467"]
[PlyCount "78"]
[EventDate "1991.03.??"]
[EventType "tourn"]
[EventRounds "11"]
[EventCountry "DEN"]
[EventCategory "8"]

1. d4 Nf6 2. Nf3 g6 3. c4 Bg7 4. Nc3 O-O 5. Bg5 d6 6. e3 Nbd7 7. Qc2 c6 8. Rd1
h6 9. Bh4 g5 10. Bg3 Nh5 11. Be2 Nxg3 12. hxg3 e5 13. d5 cxd5 14. Rxd5 Nf6 15.
Rd2 Qe7 16. Bd3 Rd8 17. Bf5 Be6 18. Bxe6 fxe6 19. O-O Rac8 20. b3 a6 21. a4 Rc6
22. Rfd1 Rdc8 23. Qg6 Qe8 24. Qxe8+ Nxe8 25. Ne4 Bf8 26. a5 g4 27. Nh2 h5 28.
Rd3 b6 29. axb6 Rxb6 30. Nf1 Rcb8 31. Nfd2 Rc6 32. Kf1 Kg7 33. Ke2 Be7 34. Ra1
Nc7 35. Nc3 Kg6 36. Ra4 Rd8 37. Ra5 Rb8 38. Ra4 Rd8 39. Ra5 Rb8 1/2-1/2

[Event "DEN-ch"]
[Site "Lyngby"]
[Date "1991.03.25"]
[Round "4"]
[White "Rasmussen, Karsten"]
[Black "Hoi, Carsten"]
[Result "1-0"]
[WhiteElo "2432"]
[BlackElo "2445"]
[PlyCount "91"]
[EventDate "1991.03.??"]
[EventType "tourn"]
[EventRounds "11"]
[EventCountry "DEN"]
[EventCategory "8"]

1. c4 Nf6 2. g3 g6 3. Bg2 Bg7 4. Nc3 O-O 5. d4 d6 6. e3 c6 7. Nge2 Qa5 8. O-O
Qh5 9. Nf4 Qxd1 10. Rxd1 e5 11. Nfe2 Nbd7 12. b3 Re8 13. d5 e4 14. dxc6 bxc6
15. Rxd6 Ne5 16. Nd4 Nf3+ 17. Bxf3 exf3 18. Bb2 c5 19. Ndb5 Ne4 20. Nxe4 Bxb2
21. Nf6+ Bxf6 22. Rxf6 Rd8 23. Rd6 Rxd6 24. Nxd6 Be6 25. Ne4 Rc8 26. Ng5 Bg4
27. Rd1 h6 28. Ne4 Kg7 29. Rd6 a5 30. Nc3 Be6 31. Kf1 Kf6 32. Ke1 Ra8 33. Rc6
Rd8 34. Rxc5 g5 35. Nd5+ Kf5 36. Rxa5 Kg4 37. h4 Kh3 38. hxg5 hxg5 39. e4 Kg2
40. Ne3+ Kg1 41. Rxg5 Ra8 42. a4 Rd8 43. Nd5 Rb8 44. b4 Rh8 45. Nf4 Rh2 46. Rh5
1-0

[Event "DEN-ch"]
[Site "Lyngby"]
[Date "1991.03.25"]
[Round "4"]
[White "Schandorff, Lars"]
[Black "Kristiansen, Jens"]
[Result "1/2-1/2"]
[WhiteElo "2437"]
[BlackElo "2440"]
[PlyCount "53"]
[EventDate "1991.03.??"]
[EventType "tourn"]
[EventRounds "11"]
[EventCountry "DEN"]
[EventCategory "8"]

1. c4 e5 2. g3 d6 3. Bg2 f5 4. Nc3 Nf6 5. d3 g6 6. e3 Bg7 7. Nge2 O-O 8. O-O c6
9. f4 Be6 10. b3 Nbd7 11. h3 d5 12. fxe5 Nxe5 13. Nf4 Re8 14. cxd5 cxd5 15.
Nxe6 Rxe6 16. Ne2 Nc6 17. Nf4 Re8 18. Rb1 d4 19. exd4 Nxd4 20. Rb2 Qd6 21. Kh2
Rac8 22. Rbf2 Kh8 23. Bb2 Rc7 24. Bxd4 Qxd4 25. Re2 Rce7 26. Rfe1 Qd7 27. Rxe7
1/2-1/2

[Event "DEN-ch"]
[Site "Lyngby"]
[Date "1991.03.26"]
[Round "5"]
[White "Kristiansen, Jens"]
[Black "Hansen, Lars Bo"]
[Result "1/2-1/2"]
[WhiteElo "2440"]
[BlackElo "2540"]
[PlyCount "84"]
[EventDate "1991.03.??"]
[EventType "tourn"]
[EventRounds "11"]
[EventCountry "DEN"]
[EventCategory "8"]

1. e4 c5 2. Nf3 Nc6 3. Bb5 g6 4. O-O Bg7 5. c3 e5 6. d4 cxd4 7. cxd4 exd4 8.
Bf4 d6 9. Nxd4 Nge7 10. Nc3 O-O 11. Nxc6 bxc6 12. Bc4 d5 13. exd5 Bxc3 14. bxc3
Nxd5 15. Bh6 Re8 16. Qd4 Qf6 17. Bxd5 Qxd4 18. Bxf7+ Kxf7 19. cxd4 Be6 20. Bf4
Rad8 21. Be5 Rd7 22. a4 Rb7 23. h3 Rd8 24. Rfc1 Bd5 25. Rab1 Rdd7 26. f3 a6 27.
Kf2 h5 28. g4 hxg4 29. hxg4 g5 30. a5 Rb5 31. Rxb5 cxb5 32. Rc7 Rxc7 33. Bxc7
b4 34. Bd6 b3 35. Ba3 Ke6 36. Ke3 Bc6 37. f4 gxf4+ 38. Kxf4 Bb5 39. Ke4 Bc6+
40. Kf4 Bb5 41. Bb2 Be2 42. g5 Bh5 1/2-1/2

[Event "DEN-ch"]
[Site "Lyngby"]
[Date "1991.03.26"]
[Round "5"]
[White "Mortensen, Erling"]
[Black "Rasmussen, Karsten"]
[Result "1-0"]
[WhiteElo "2467"]
[BlackElo "2432"]
[PlyCount "75"]
[EventDate "1991.03.??"]
[EventType "tourn"]
[EventRounds "11"]
[EventCountry "DEN"]
[EventCategory "8"]

1. e4 c6 2. d4 d5 3. exd5 cxd5 4. c4 Nf6 5. Nc3 e6 6. Nf3 Bb4 7. cxd5 Nxd5 8.
Qb3 Nc6 9. Bd3 O-O 10. O-O Bd6 11. a3 Nce7 12. Re1 b6 13. Be4 Bb7 14. Bg5 h6
15. Bxe7 Bxe7 16. Bxd5 exd5 17. Ne5 Bf6 18. f4 Re8 19. Re3 Rc8 20. Rae1 Bxe5
21. fxe5 Bc6 22. Qd1 Rc7 23. Rf3 Re6 24. Ref1 Be8 25. Rg3 Rc4 26. Qd2 b5 27.
Rf4 a5 28. Rfg4 Rg6 29. Nd1 Rxg4 30. Rxg4 Qc8 31. h3 Rc1 32. Kh2 h5 33. Rg3 g6
34. Nc3 Ra1 35. Nxd5 Kg7 36. Nf6 h4 37. Rc3 Bc6 38. Qf4 1-0

[Event "DEN-ch"]
[Site "Lyngby"]
[Date "1991.03.26"]
[Round "5"]
[White "Sorensen, Jan"]
[Black "Schandorff, Lars"]
[Result "1/2-1/2"]
[WhiteElo "2412"]
[BlackElo "2437"]
[PlyCount "82"]
[EventDate "1991.03.??"]
[EventType "tourn"]
[EventRounds "11"]
[EventCountry "DEN"]
[EventCategory "8"]

1. e4 e5 2. Bc4 Nf6 3. d3 Nc6 4. Nc3 Bc5 5. f4 d6 6. Nf3 a6 7. f5 Na5 8. Bb3 b5
9. Qe2 Bb7 10. g4 h6 11. g5 hxg5 12. Bxg5 Nxb3 13. axb3 c6 14. Be3 Bxe3 15.
Qxe3 c5 16. Rg1 Rh7 17. O-O-O Qe7 18. Rg3 O-O-O 19. Rdg1 Ne8 20. Ne2 Kb8 21. c4
b4 22. Rg5 Kc7 23. Kc2 a5 24. R1g4 Ra8 25. Rh4 Rxh4 26. Nxh4 Bc6 27. Nf3 a4 28.
bxa4 Bxa4+ 29. Kd2 Bc6 30. Nc1 Kb6 31. Rg1 Ra1 32. Ke2 Qf8 33. Nd2 Qh8 34. Qg3
Qh5+ 35. Kf2 Qh6 36. Ke2 Nf6 37. h4 Qh5+ 38. Kf2 Ra8 39. Qg5 Rh8 40. Qxh5 Rxh5
41. Ne2 Be8 1/2-1/2

[Event "DEN-ch"]
[Site "Lyngby"]
[Date "1991.03.27"]
[Round "6"]
[White "Hansen, Lars Bo"]
[Black "Sorensen, Jan"]
[Result "1-0"]
[WhiteElo "2540"]
[BlackElo "2412"]
[PlyCount "59"]
[EventDate "1991.03.??"]
[EventType "tourn"]
[EventRounds "11"]
[EventCountry "DEN"]
[EventCategory "8"]

1. Nf3 c5 2. c4 g6 3. e3 Bg7 4. d4 Nf6 5. Nc3 O-O 6. Be2 cxd4 7. exd4 d5 8. O-O
Nc6 9. Re1 b6 10. Ne5 Bb7 11. Bf3 Na5 12. b3 Rc8 13. Ba3 Re8 14. Rc1 dxc4 15.
Bxb7 Nxb7 16. bxc4 Na5 17. Qe2 Nd7 18. Nxf7 Kxf7 19. Qe6+ Kf8 20. Nd5 Nc6 21.
Re4 Nxd4 22. Rf4+ Nf5 23. g4 Nc5 24. Bxc5 Rxc5 25. gxf5 g5 26. Re4 Qc8 27. Rce1
Rxc4 28. f6 Bxf6 29. Nxf6 Rxe4 30. Qg8# 1-0

[Event "DEN-ch"]
[Site "Lyngby"]
[Date "1991.03.27"]
[Round "6"]
[White "Holst, Allan"]
[Black "Larsen, Bent"]
[Result "1/2-1/2"]
[WhiteElo "2301"]
[BlackElo "2560"]
[PlyCount "93"]
[EventDate "1991.03.??"]
[EventType "tourn"]
[EventRounds "11"]
[EventCountry "DEN"]
[EventCategory "8"]

1. Nf3 c5 2. g3 b6 3. Bg2 Bb7 4. O-O g6 5. d3 Bg7 6. e4 d6 7. Nbd2 Nf6 8. Re1
O-O 9. a4 Nc6 10. Nc4 Rc8 11. Bg5 h6 12. Bd2 e6 13. h4 d5 14. exd5 exd5 15.
Nce5 Nxe5 16. Nxe5 Rc7 17. Re2 Re7 18. Qf1 Rfe8 19. Rae1 Qc8 20. b3 d4 21. Ng4
Rxe2 22. Nxf6+ Bxf6 23. Rxe2 Bxg2 24. Kxg2 Qc6+ 25. f3 Kg7 26. Rxe8 Qxe8 27.
Qe1 Qxe1 28. Bxe1 h5 29. g4 Be5 30. Bd2 a6 31. Kf2 Kf6 32. Bc1 Ke6 33. Bd2 Kd5
34. Kg2 Bc7 35. Kf2 b5 36. axb5 axb5 37. Kg2 c4 38. Kf2 cxb3 39. cxb3 Bd6 40.
b4 Ke6 41. Kg2 Be7 42. Kg3 Bf8 43. gxh5 gxh5 44. f4 Kf5 45. Kf3 Bd6 46. Kg3 Be7
47. Be1 1/2-1/2

[Event "DEN-ch"]
[Site "Lyngby"]
[Date "1991.03.28"]
[Round "7"]
[White "Berg, Klaus"]
[Black "Hoi, Carsten"]
[Result "1/2-1/2"]
[WhiteElo "2413"]
[BlackElo "2445"]
[PlyCount "40"]
[EventDate "1991.03.??"]
[EventType "tourn"]
[EventRounds "11"]
[EventCountry "DEN"]
[EventCategory "8"]

1. c4 Nf6 2. Nc3 g6 3. e4 d6 4. d4 Bg7 5. Be2 O-O 6. Nf3 c5 7. O-O cxd4 8. Nxd4
Nc6 9. Be3 Nxd4 10. Bxd4 Bd7 11. Qd2 Bc6 12. f3 a5 13. b3 Nd7 14. Be3 Nc5 15.
Rab1 f5 16. exf5 gxf5 17. a3 f4 18. Bf2 Kh8 19. b4 axb4 20. axb4 Na4 1/2-1/2

[Event "DEN-ch"]
[Site "Lyngby"]
[Date "1991.03.28"]
[Round "7"]
[White "Kristiansen, Jens"]
[Black "Holst, Allan"]
[Result "1-0"]
[WhiteElo "2440"]
[BlackElo "2301"]
[PlyCount "63"]
[EventDate "1991.03.??"]
[EventType "tourn"]
[EventRounds "11"]
[EventCountry "DEN"]
[EventCategory "8"]

1. e4 d5 2. exd5 Qxd5 3. Nc3 Qa5 4. Nf3 Nf6 5. d4 Nc6 6. Bb5 Bd7 7. d5 Nb4 8.
Bxd7+ Nxd7 9. Bg5 Nb6 10. O-O N4xd5 11. Nxd5 Qxd5 12. Qe2 f6 13. Bh4 e5 14. b3
Bd6 15. c4 Qc5 16. Nd2 O-O 17. Ne4 Qa3 18. Rad1 Rad8 19. Rd3 Be7 20. Rg3 f5 21.
b4 Qxb4 22. Rb3 Qxb3 23. axb3 Bxh4 24. Nc5 Rde8 25. Nxb7 e4 26. Rd1 Rf7 27. c5
Nc8 28. Qb5 Rfe7 29. Rd8 Rxd8 30. Nxd8 g6 31. g3 Bf6 32. Qa6 1-0

[Event "DEN-ch"]
[Site "Lyngby"]
[Date "1991.03.28"]
[Round "7"]
[White "Schandorff, Lars"]
[Black "Hansen, Lars Bo"]
[Result "1/2-1/2"]
[WhiteElo "2437"]
[BlackElo "2540"]
[PlyCount "40"]
[EventDate "1991.03.??"]
[EventType "tourn"]
[EventRounds "11"]
[EventCountry "DEN"]
[EventCategory "8"]

1. d4 e6 2. Nf3 f5 3. Bg5 Be7 4. Bxe7 Qxe7 5. Nbd2 Nf6 6. c3 c5 7. Qc2 cxd4 8.
cxd4 Nc6 9. a3 b6 10. e4 fxe4 11. Nxe4 Nxe4 12. Qxe4 Bb7 13. Be2 O-O 14. Bd3 g6
15. Qe3 Rae8 16. O-O-O e5 17. dxe5 Nxe5 18. Nxe5 Qxe5 19. Qxe5 Rxe5 20. f3 Bc6
1/2-1/2

[Event "DEN-ch"]
[Site "Lyngby"]
[Date "1991.03.28"]
[Round "7"]
[White "Sorensen, Jan"]
[Black "Brinck Claussen, Bjorn"]
[Result "1/2-1/2"]
[WhiteElo "2412"]
[BlackElo "2422"]
[PlyCount "22"]
[EventDate "1991.03.??"]
[EventType "tourn"]
[EventRounds "11"]
[EventCountry "DEN"]
[EventCategory "8"]

1. e4 e6 2. d4 d5 3. Nd2 c5 4. Ngf3 Nc6 5. exd5 exd5 6. Bb5 Bd6 7. dxc5 Bxc5 8.
O-O Nge7 9. Nb3 Bd6 10. Nbd4 O-O 11. Be3 Bg4 1/2-1/2

[Event "DEN-ch"]
[Site "Lyngby"]
[Date "1991.03.29"]
[Round "8"]
[White "Brinck Claussen, Bjorn"]
[Black "Schandorff, Lars"]
[Result "0-1"]
[WhiteElo "2422"]
[BlackElo "2437"]
[PlyCount "108"]
[EventDate "1991.03.??"]
[EventType "tourn"]
[EventRounds "11"]
[EventCountry "DEN"]
[EventCategory "8"]

1. e4 e5 2. Nf3 Nc6 3. Bb5 a6 4. Bxc6 dxc6 5. O-O f6 6. d4 Bg4 7. dxe5 Qxd1 8.
Rxd1 fxe5 9. b3 Bd6 10. Nbd2 Nf6 11. Bb2 O-O 12. h3 Bh5 13. g4 Bg6 14. Nxe5
Bxe4 15. g5 Bxc2 16. gxf6 Bxd1 17. f7+ Kh8 18. Rxd1 Bxe5 19. Bxe5 Rxf7 20. Ne4
h6 21. f4 b6 22. Kf2 Re8 23. Ke3 Kh7 24. h4 a5 25. a4 Ree7 26. h5 Rf5 27. Ng3
Rff7 28. Rd8 Rd7 29. Rc8 Rd1 30. Ke2 Rb1 31. Ne4 Rxb3 32. Nd2 Rh3 33. Bxc7 Rxh5
34. Be5 Rh2+ 35. Ke3 Rd7 36. Nc4 b5 37. Nb6 Rh3+ 38. Ke4 Rb7 39. Rxc6 bxa4 40.
Nd5 a3 41. Ra6 Rhb3 42. Rxa5 h5 43. f5 h4 44. Ra6 h3 45. f6 gxf6 46. Nxf6+ Kg7
47. Nd7+ Kf7 48. Nc5 R7b4+ 49. Kd5 Re3 50. Rf6+ Kg8 51. Ba1 Rb1 52. Bd4 h2 53.
Rh6 Re2 54. Nd7 h1=Q+ 0-1

[Event "DEN-ch"]
[Site "Lyngby"]
[Date "1991.03.29"]
[Round "8"]
[White "Mortensen, Erling"]
[Black "Berg, Klaus"]
[Result "1-0"]
[WhiteElo "2467"]
[BlackElo "2413"]
[PlyCount "81"]
[EventDate "1991.03.??"]
[EventType "tourn"]
[EventRounds "11"]
[EventCountry "DEN"]
[EventCategory "8"]

1. e4 c6 2. d4 d5 3. Nd2 dxe4 4. Nxe4 Bf5 5. Ng3 Bg6 6. h4 h6 7. h5 Bh7 8. Nf3
e6 9. Bd3 Bxd3 10. Qxd3 Nd7 11. Bf4 Ngf6 12. O-O-O Be7 13. Ne5 O-O 14. Rhe1 c5
15. Qb5 Qb6 16. Qa4 Nxe5 17. dxe5 Nd5 18. Nf5 exf5 19. Rxd5 Qe6 20. Red1 Rfd8
21. c4 a6 22. b3 Kh7 23. Qa5 b6 24. Qc3 g5 25. hxg6+ fxg6 26. Be3 Kg7 27. f4
Kf7 28. R1d3 Rac8 29. Qd2 Ke8 30. Kb2 Rb8 31. a4 a5 32. Qd1 Rbc8 33. Qh1 h5 34.
Bf2 Rc7 35. Rxd8+ Bxd8 36. Rd6 Qf7 37. Kc2 Rc8 38. Bh4 Be7 39. Bxe7 Kxe7 40. g3
Rb8 41. Qc6 1-0

[Event "DEN-ch"]
[Site "Lyngby"]
[Date "1991.03.29"]
[Round "8"]
[White "Rasmussen, Karsten"]
[Black "Kristiansen, Jens"]
[Result "1/2-1/2"]
[WhiteElo "2432"]
[BlackElo "2440"]
[PlyCount "113"]
[EventDate "1991.03.??"]
[EventType "tourn"]
[EventRounds "11"]
[EventCountry "DEN"]
[EventCategory "8"]

1. g3 e5 2. c4 d6 3. Nc3 g6 4. Bg2 Bg7 5. e3 Nf6 6. Nge2 O-O 7. b3 Re8 8. O-O
c6 9. d4 e4 10. d5 c5 11. Bb2 Bf5 12. b4 b6 13. bxc5 bxc5 14. Nb5 a6 15. Qa4
Bd7 16. Qa3 Bxb5 17. cxb5 Nbd7 18. bxa6 Qb6 19. Rfb1 Rxa6 20. Qc3 Qa7 21. Qc2
Nb6 22. Nc3 Na4 23. Bf1 Nxc3 24. Bxc3 Ra3 25. Rb3 Rxb3 26. Qxb3 Rb8 27. Qc4 Qa3
28. Be2 Nd7 29. Bxg7 Kxg7 30. Qxe4 Qb2 31. Re1 Qd2 32. Kf1 Nf6 33. Qd3 Qxa2 34.
e4 Rb2 35. f3 Rb3 36. Qd1 Rb2 37. Qc1 Nd7 38. Qa1 h5 39. Qxa2 Rxa2 40. Rb1 Kf6
41. Rb7 Ne5 42. f4 Ng4 43. Bxg4 hxg4 44. Rd7 Ra6 45. Ke2 Kg7 46. e5 dxe5 47.
fxe5 Kf8 48. d6 Ra4 49. Ke3 Rd4 50. Rc7 f6 51. exf6 Rxd6 52. Rxc5 Rxf6 53. Rc4
Rf3+ 54. Ke2 Ra3 55. Rxg4 Ra2+ 56. Kf3 Rxh2 57. Rxg6 1/2-1/2

[Event "DEN-ch"]
[Site "Lyngby"]
[Date "1991.03.30"]
[Round "9"]
[White "Hansen, Lars Bo"]
[Black "Brinck Claussen, Bjorn"]
[Result "1-0"]
[WhiteElo "2540"]
[BlackElo "2422"]
[PlyCount "105"]
[EventDate "1991.03.??"]
[EventType "tourn"]
[EventRounds "11"]
[EventCountry "DEN"]
[EventCategory "8"]

1. Nf3 Nf6 2. c4 g6 3. Nc3 d5 4. cxd5 Nxd5 5. Qa4+ Bd7 6. Qh4 Nxc3 7. dxc3 Nc6
8. Qg3 f6 9. h4 e5 10. h5 g5 11. e4 Qe7 12. Be2 Nd8 13. Nh2 Ne6 14. Bg4 Nf4 15.
Bxf4 exf4 16. Bxd7+ Qxd7 17. Qg4 O-O-O 18. Ke2 Bd6 19. Qxd7+ Kxd7 20. a4 Rhe8
21. Kf3 Ke6 22. Rhd1 Be5 23. Kg4 Rd6 24. Rxd6+ cxd6 25. Nf3 h6 26. Ra3 Rc8 27.
Nd2 Rc5 28. Rb3 d5 29. Kf3 b6 30. exd5+ Rxd5 31. Ke2 g4 32. Rb5 Rxb5 33. axb5
Kf5 34. f3 Kg5 35. fxg4 Kxg4 36. Ne4 f3+ 37. gxf3+ Kxh5 38. Kf1 Kg6 39. Nf2 Kf5
40. Nd3 Bd6 41. Kg2 Bc5 42. Kh3 Kg5 43. c4 Bd4 44. b4 Be3 45. c5 bxc5 46. bxc5
Kf5 47. c6 Ke6 48. Nb4 Bd2 49. Na6 Bf4 50. Kg4 Bd6 51. Kh5 Bf4 52. Kg6 Bg5 53.
Nc5+ 1-0